000 00295nam a22001337a 4500
008 170222b xxu||||| |||| 00| 0 eng d
020 _a9781416046196
041 _aeng
080 _23RD
_a616.31
100 _a5
101 _aSHS
245 _aDENTAL INSTRUMENTS
_cBOYD, L.R.B
942 _2udc
_cBK
999 _c6054
_d6054